000 00700nam a2200229 i 4500
001 106842
003 ES-MaACL
005 20240222150538.0
007 t|
008 070104s1963 fr ||||1| fre d
080 _a929 Stalin, Iosif Vissarionovich
100 1 _aAstier, Emmanuel d'.
_923674
245 1 0 _aSur Staline /
_cpar Emmanuel d'Astier.
260 _a[Paris] :
_bPlon,
_c[1963]
300 _a184 p. ;
_c18 cm.
490 1 _amonde en 10/18 ;
_v108
500 _aBiblioteca Jacinto Martínez Lacalle.
600 1 4 _aStalin, Iosif Vissarionovich,
_d1879-1953
_9107862
830 0 _amonde en 10/18 ;
_v108
_9177593
852 _aES-MaACL
_jE-11488
_bR.139539
999 _c106842
_d106842